Η λίμνη : μυθιστόρημα
Αποθηκεύτηκε σε:
| Κύριος συγγραφέας: | |
|---|---|
| Άλλοι συγγραφείς: | |
| Μορφή: | Βιβλίο |
| Γλώσσα: | Greek Japanese |
| Δημοσίευση: |
Αθήνα :
Καστανιώτη,
1996.
|
| Θέματα: | |
| Ετικέτες: |
Προσθήκη ετικέτας
Δεν υπάρχουν, Καταχωρήστε ετικέτα πρώτοι!
|
MARC
| LEADER | 00000cam a2200000 i 4500 | ||
|---|---|---|---|
| 001 | 1/57369 | ||
| 008 | 981216s1996 gr | ||| |||| ||gre|| | ||
| 020 | |a 9600315523 | ||
| 035 | |l 10045727 | ||
| 040 | |a GR-MyUA |b gre |e AACR2 | ||
| 041 | 1 | |a gre |h jpn | |
| 082 | 0 | |a 895.6 | |
| 100 | 1 | |a Kawabata, Yasunari |d 1899-1972. | |
| 245 | 1 | 2 | |a Η λίμνη : |b μυθιστόρημα / |c Γιασουνάρι Καβαμπάτα ; μετάφραση Καίτη Μπουλούκου-Τσισκάκη. |
| 260 | |a Αθήνα : |b Καστανιώτη, |c 1996. | ||
| 300 | |a 132 σ. ; |c 21 εκ. | ||
| 500 | |a Τίτλος πρωτοτύπου: Mizu-umi. | ||
| 650 | 0 | 0 | |a Japanese fiction. |
| 700 | 1 | |a Μπουλούκου-Τσισκάκη, Καίτη, |e trlf | |
| 852 | |a INST |b SAMOS |e 19981216 |h 895.6 KAW |p 005300013645 |q 005300013645 |t BK |y 0 | ||
| 901 | |a BIBL-1998-3 | ||
| 909 | |a Σ |b 060566 | ||
| 922 | |a 3ΕΛΗ |b 199812 |c ΒΙΒΛΙΟΘΗΚΗ |d ΧΑΡΤΣΑΣ | ||